Score 0/72 Timer 06:00
2 Plays Today
Part 1 Part 2 % Correct
Part 1Pride and Prejudice
98.1%
Part 2Pride and Prejudice
98.1%
Part 3Pride and Prejudice
98.1%
Part 1A Christmas Carol
96.8%
Part 2A Christmas Carol
96.8%
Part 3A Christmas Carol
96.8%
Part 1The Great Gatsby
96.5%
Part 2The Great Gatsby
96.5%
Part 3The Great Gatsby
96.5%
Part 1Crime and Punishment
95.2%
Part 2Crime and Punishment
95.2%
Part 3Crime and Punishment
95.2%
Part 1Brave New World
94.5%
Part 2Brave New World
94.5%
Part 3Brave New World
94.5%
Part 1The Scarlet Letter
94.4%
Part 1Uncle Tom's Cabin
94.4%
Part 2The Scarlet Letter
94.3%
Part 2Uncle Tom's Cabin
94.3%
Part 3Uncle Tom's Cabin
94.3%
Part 3The Scarlet Letter
94.3%
Part 1War and Peace
93.2%
Part 2War and Peace
93.2%
Part 3War and Peace
93.2%
Part 1East of Eden
89.5%
Part 2East of Eden
89.5%
Part 3East of Eden
89.5%
Part 1Nineteen Eighty Four
89.4%
Part 2Nineteen Eighty Four
89.4%
Part 3Nineteen Eighty Four
89.4%
Part 1Swiss Family Robinson
88.9%
Part 2Swiss Family Robinson
88.9%
Part 3Swiss Family Robinson
88.9%
Part 1Bridge to Terabithia
87.7%
Part 2Bridge to Terabithia
87.7%
Part 3Bridge to Terabithia
87.7%
Part 1 Part 2 % Correct
Part 1Tropic of Cancer
83.4%
Part 2Tropic of Cancer
83.4%
Part 3Tropic of Cancer
83.4%
Part 1Heart of Darkness
80.6%
Part 2Heart of Darkness
80.6%
Part 3Heart of Darkness
80.6%
Part 1Flowers For Algernon
79%
Part 2Flowers For Algernon
79%
Part 3Flowers For Algernon
79%
Part 1Captain Corelli's Mandolin
78.9%
Part 2Captain Corelli's Mandolin
78.9%
Part 3Captain Corelli's Mandolin
78.9%
Part 1Twenty Years After
73.6%
Part 2Twenty Years After
73.6%
Part 3Twenty Years After
73.6%
Part 1Women In Love
70.2%
Part 2Women In Love
70.1%
Part 3Women In Love
70.1%
Part 1Of Human Bondage
68.3%
Part 2Of Human Bondage
68.3%
Part 3Of Human Bondage
68.3%
Part 1On the Road
67.7%
Part 2On the Road
67.7%
Part 3On the Road
67.7%
Part 1Death in Venice
66.2%
Part 2Death in Venice
66.2%
Part 3Death in Venice
66.2%
Part 1Jude the Obscure
63.3%
Part 2Jude the Obscure
63.3%
Part 3Jude the Obscure
63.3%
Part 1Wide Sargasso Sea
63.1%
Part 2Wide Sargasso Sea
63.1%
Part 3Wide Sargasso Sea
63.1%
Part 1Cold Comfort Farm
61.2%
Part 2Cold Comfort Farm
61.2%
Part 3Cold Comfort Farm
61.2%
Remove Ads.
Support Sporcle.
Get the best of Sporcle when you Go Orange. This ad-free experience offers more features, more stats, and more fun while also helping to support Sporcle. Thank you for becoming a member.

You're not logged in!

Compare scores with friends on all Sporcle quizzes.
OR
Log In

Show Comments

Extras

Top Quizzes Today


Score Distribution

Your Account Isn't Verified!

In order to create a playlist on Sporcle, you need to verify the email address you used during registration. Go to your Sporcle Settings to finish the process.

Report this User

Report this user for behavior that violates our Community Guidelines.

Details: